[Event "Buenos Aires PRENAJ"]
[Site "Buenos Aires ARG"]
[Date "1994.??.??"]
[Round "8"]
[White "Bronstein, Luis M"]
[Black "Spangenberg, Hugo H"]
[Result "1-0"]
[WhiteElo "2380"]
[BlackElo "2510"]
[PlyCount "67"]
[EventDate "1994.??.??"]
[Source "www.chesslib.no"]
[SourceDate "2004.05.04"]

1. d4 g6 2. c4 Bg7 3. Nc3 d6 4. e4 Nf6 5. f3 O-O 6. Be3 Nc6 7. Qd2 a6 8. Bd3 e5 9. d5 Nd4 10. Nge2 Nd7 11. O-O c5 12. dxc6 bxc6 13. b4 f5 14. Bg5 Qb6 15. Nxd4 exd4 16. Na4 Qc7 17. exf5 gxf5 18. Rae1 Ne5 19. c5 Bb7 20. cxd6 Qxd6 21. Nc5 Bc8 22. f4 Ng6 23. Bc4+ Kh8 24. Ne6 Bd7 25. Nxf8 Rxf8 26. h4 h6 27. Qd3 Qxb4 28. h5 Qc3 29. Qxc3 dxc3 30. hxg6 hxg5 31. Re7 Be8 32. Kf2 Bxg6 33. Rh1+ Bh7 34. fxg5 1-0

[Event "Viernheim"]
[Site "Viernheim"]
[Date "1995.??.??"]
[Round "4"]
[White "Schlindwein, Rolf"]
[Black "Schmaltz, Roland"]
[Result "0-1"]
[WhiteElo "2440"]
[BlackElo "2445"]
[PlyCount "56"]
[EventDate "1995.10.??"]
[Source "ChessBase"]

1. d4 d6 2. c4 g6 3. Nc3 Bg7 4. e4 Nf6 5. f3 O-O 6. Be3 Nc6 7. Nge2 Rb8 8. g4 a6 9. Qd2 b5 10. cxb5 axb5 11. Bh6 Bxh6 12. Qxh6 b4 13. Nd5 e5 14. Rc1 Bd7 15. Qh4 Nxd5 16. Qxd8 Rfxd8 17. exd5 Ne7 18. dxe5 dxe5 19. Rxc7 Nxd5 20. Rc5 Be6 21. Nc1 Nf4 22. Be2 f6 23. h4 Bf7 24. Rh2 Rd6 25. Rb5 Rc8 26. Nb3 Bxb3 27. axb3 Rc1+ 28. Kf2 Nxe2 0-1

[Event "RUS-Cup01 Chigorin mem"]
[Site "St Petersburg"]
[Date "1997.11.06"]
[Round "6"]
[White "Bratchenko, Alexander"]
[Black "Zaitsev, Igor A"]
[Result "0-1"]
[WhiteElo "2395"]
[BlackElo "2475"]
[PlyCount "62"]
[EventDate "1997.11.01"]
[Source "www.chesslib.no"]
[SourceDate "2004.05.04"]

1. d4 Nf6 2. c4 g6 3. Nc3 Bg7 4. e4 d6 5. f3 O-O 6. Be3 Nc6 7. Nge2 Bd7 8. a3 a5 9. b3 e6 10. g3 Na7 11. a4 Nc6 12. Bg2 e5 13. O-O Nh5 14. Nd5 Be6 15. Qd2 exd4 16. Nxd4 Nf6 17. Nb5 Ne8 18. Rac1 Ne5 19. Nbxc7 Nxc7 20. Bb6 Rc8 21. Qxa5 Nc6 22. Bxc7 Nxa5 23. Bxd8 Rcxd8 24. Rb1 Bxd5 25. exd5 Bc3 26. Rfd1 Bb4 27. Bf1 b6 28. Kg2 Nb7 29. c5 dxc5 30. Bb5 Nd6 31. Bc6 Nf5 0-1

[Event "Politiken Cup"]
[Site "Copenhagen DEN"]
[Date "1991.??.??"]
[Round "?"]
[White "Sokolov, Ivan"]
[Black "Burgess, Graham"]
[Result "1-0"]
[WhiteElo "2570"]
[BlackElo "2300"]
[PlyCount "79"]
[EventDate "1991.??.??"]
[Source "www.chesslib.no"]
[SourceDate "2004.05.04"]

1. d4 Nf6 2. c4 g6 3. Nc3 Bg7 4. e4 d6 5. f3 O-O 6. Nge2 Nc6 7. Be3 Rb8 8. d5 Ne5 9. Ng3 c5 10. Be2 h5 11. O-O a6 12. a4 Qa5 13. Bd2 Nh7 14. h3 h4 15. Nh1 f5 16. f4 Nf7 17. Qe1 fxe4 18. Nxe4 Qb6 19. Qxh4 Qxb2 20. Nhf2 Bf5 21. Rab1 Qd4 22. Bc3 Qe3 23. Bxg7 Kxg7 24. Rfe1 Bxe4 25. Bf1 g5 26. Rxe3 gxh4 27. Rxe4 Rfe8 28. f5 Nf6 29. Rxh4 b5 30. Rb3 bxc4 31. Rg3+ Kf8 32. Bxc4 Ne5 33. Bxa6 Nxd5 34. Bb5 Rec8 35. Ne4 c4 36. Rh8+ Kf7 37. Rh7+ Kf8 38. Ng5 Kg8 39. Rh4 c3 40. Ne6+ 1-0

[Event "URS-ch U26"]
[Site "Jurmala"]
[Date "1983.??.??"]
[Round "?"]
[White "Salov, Valery"]
[Black "Majorovas, Vitalijus"]
[Result "1-0"]
[WhiteElo "2445"]
[BlackElo "2420"]
[PlyCount "47"]
[EventDate "1983.??.??"]
[Source "ChessBase"]

1. d4 Nf6 2. c4 g6 3. Nc3 Bg7 4. e4 d6 5. f3 O-O 6. Be3 Nc6 7. Nge2 Re8 8. Qd2 a6 9. h4 h5 10. Bh6 Bh8 11. O-O-O Rb8 12. g4 e5 13. Bg5 exd4 14. Nxd4 hxg4 15. Nxc6 bxc6 16. h5 gxf3 17. hxg6 fxg6 18. Qh2 Kf7 19. e5 Bg4 20. exf6 Bh5 21. Bd3 Bxf6 22. Qf4 Kg7 23. Rxh5 gxh5 24. Bxf6+ 1-0

[Event "US Open"]
[Site "Chicago, IL USA"]
[Date "1989.??.??"]
[Round "2"]
[White "Puri, Vinny"]
[Black "Larsen, Bent"]
[Result "1-0"]
[WhiteElo "2285"]
[BlackElo "2580"]
[PlyCount "55"]
[EventDate "1989.08.??"]
[Source "www.chesslib.no"]
[SourceDate "2004.05.04"]

1. d4 Nf6 2. c4 g6 3. Nc3 Bg7 4. e4 d6 5. f3 O-O 6. Be3 Nc6 7. Qd2 a6 8. Nge2 Re8 9. O-O-O b5 10. g4 Rb8 11. h4 h5 12. Nd5 e5 13. Bg5 Nxd4 14. Nxd4 exd4 15. gxh5 c6 16. h6 Bh8 17. h7+ Kxh7 18. h5 cxd5 19. hxg6+ Kg8 20. Rxh8+ Kxh8 21. Qh2+ Kg8 22. g7 Nh7 23. Bxd8 Rxd8 24. Bd3 Kxg7 25. Rg1+ Kf8 26. Qxh7 bxc4 27. Rg8+ Ke7 28. Qh4+ 1-0

[Event "ESP Ch"]
[Site "ESP"]
[Date "1989.??.??"]
[Round "7"]
[White "Rivas Pastor, Manuel"]
[Black "Alvarez Ibarra, Rafael"]
[Result "1-0"]
[WhiteElo "2505"]
[BlackElo "2360"]
[PlyCount "93"]
[EventDate "1989.10.??"]
[Source "www.chesslib.no"]
[SourceDate "2004.05.04"]

1. c4 Nf6 2. Nc3 g6 3. e4 d6 4. d4 Bg7 5. f3 O-O 6. Be3 Nc6 7. Qd2 a6 8. O-O-O e5 9. d5 Nd4 10. Nge2 c5 11. dxc6 bxc6 12. Nxd4 exd4 13. Bxd4 Be6 14. Na4 Qc7 15. Bb6 Qb7 16. Qxd6 Rac8 17. Ba5 Nd7 18. Bc3 Bxc3 19. Nxc3 Rb8 20. Rd2 c5 21. Nd5 Bxd5 22. Qxd5 Qb6 23. Be2 Rb7 24. Bd1 Rfb8 25. Bb3 Nf8 26. Qd6 Qa5 27. Rhd1 Ne6 28. Qe5 Qb4 29. Qc3 a5 30. Rd7 Nd4 31. Qxb4 axb4 32. R1xd4 cxd4 33. Rxd4 Kf8 34. Ba4 Ra7 35. b3 Rc7 36. Kb2 Ke7 37. a3 bxa3+ 38. Kxa3 Rd8 39. Rd5 Rxd5 40. exd5 Kd6 41. Kb4 Re7 42. Bc6 Re2 43. c5+ Kc7 44. Kb5 Rxg2 45. d6+ Kd8 46. Kb6 Rc2 47. Bb5 1-0

[Event "Moravia-chT 9900"]
[Site "CZE"]
[Date "1999.??.??"]
[Round "2"]
[White "Sobek, Jaroslav"]
[Black "Babula, Vlastimil"]
[Result "0-1"]
[WhiteElo "2295"]
[BlackElo "2567"]
[PlyCount "88"]
[EventDate "1999.??.??"]
[Source "www.chesslib.no"]
[SourceDate "2004.05.04"]

1. d4 Nf6 2. c4 g6 3. Nc3 Bg7 4. e4 d6 5. f3 O-O 6. Be3 Nc6 7. Qd2 a6 8. Bd3 e5 9. d5 Nd4 10. Nge2 Nh5 11. O-O c5 12. dxc6 bxc6 13. Bg5 Qc7 14. Rac1 Be6 15. Nxd4 exd4 16. Ne2 c5 17. f4 f6 18. Bh4 Bh6 19. Rce1 Rae8 20. h3 Qd7 21. Ng3 Nxf4 22. Rxf4 Bxf4 23. Qxf4 g5 24. Bxg5 fxg5 25. Qxg5+ Qg7 26. Qxg7+ Kxg7 27. Nf1 Bf7 28. g4 Bg6 29. Kg2 h5 30. Nd2 Rf4 31. Kg3 Ref8 32. Re2 hxg4 33. hxg4 Kh6 34. Rh2+ Kg5 35. Be2 R4f7 36. Nf3+ Kf6 37. Bd3 Re8 38. g5+ Kg7 39. Rh4 Ref8 40. Be2 Re7 41. Bd3 Ref7 42. Be2 a5 43. Bd1 Re7 44. Nd2 Re5 0-1

[Event "World Cup VI Final"]
[Site "Cork World Cup VI Final"]
[Date "1994.??.??"]
[Round "?"]
[White "Butze, Roland"]
[Black "Pillhock, U. Dietmar"]
[Result "1/2-1/2"]
[WhiteElo "2420"]
[BlackElo "2440"]
[PlyCount "64"]
[EventDate "1994.??.??"]
[Source "www.chesslib.no"]
[SourceDate "2004.05.04"]

1. d4 Nf6 2. c4 g6 3. Nc3 Bg7 4. e4 d6 5. f3 O-O 6. Be3 Nc6 7. Nge2 a5 8. Qd2 b6 9. d5 Ne5 10. Nd4 Ba6 11. b3 c5 12. dxc6 Rc8 13. Ncb5 Nxc6 14. Nxc6 Rxc6 15. Nd4 Rc7 16. Rd1 Qa8 17. g3 Qb7 18. Bh3 a4 19. O-O axb3 20. axb3 b5 21. Nxb5 Bxb5 22. cxb5 Qxb5 23. Qd3 Qb4 24. Rc1 Rb7 25. Rb1 Nd7 26. Bxd7 Rxd7 27. Rfc1 Rfd8 28. Qc4 Qb8 29. b4 d5 30. exd5 Rxd5 31. Qe2 Rd3 32. Bc5 Bc3 1/2-1/2

[Event "Tula (Russia)"]
[Site "?"]
[Date "2003.??.??"]
[Round "9"]
[White "Shestoperov Aleksej"]
[Black "Zaitsev Igor A"]
[Result "1/2-1/2"]
[WhiteElo "2431"]
[BlackElo "2413"]
[PlyCount "62"]
[EventDate "2003.??.??"]
[Source "www.chesslib.no"]
[SourceDate "2004.05.04"]

1. d4 Nf6 2. c4 d6 3. Nc3 g6 4. e4 Bg7 5. f3 O-O 6. Be3 Nc6 7. Nge2 Nd7 8. Qd2 e6 9. h4 f5 10. Bh6 Nf6 11. Bxg7 Kxg7 12. exf5 gxf5 13. O-O-O Kh8 14. Nf4 Nxd4 15. Qxd4 e5 16. Qd2 exf4 17. Qxf4 Qe7 18. Bd3 Qg7 19. h5 h6 20. Rde1 Bd7 21. Bxf5 Ng8 22. g4 Bxf5 23. gxf5 Qg5 24. Qxg5 hxg5 25. Rhg1 Rxf5 26. Ne4 Re8 27. Ref1 Ree5 28. b3 Nh6 29. Nd2 Nf7 30. Rg4 Kh7 31. f4 Rxf4 1/2-1/2

[Event "NED Ch"]
[Site "Hilversum NED"]
[Date "1989.??.??"]
[Round "11"]
[White "Gelpke, Peter"]
[Black "Nijboer, Friso"]
[Result "1/2-1/2"]
[WhiteElo "2395"]
[BlackElo "2445"]
[PlyCount "193"]
[EventDate "1989.04.??"]
[Source "www.chesslib.no"]
[SourceDate "2004.05.04"]

1. d4 Nf6 2. c4 g6 3. Nc3 Bg7 4. e4 d6 5. f3 O-O 6. Be3 Nc6 7. Qd2 a6 8. O-O-O Rb8 9. Bh6 e5 10. Bxg7 Kxg7 11. d5 Nd4 12. Nge2 c5 13. dxc6 Nxc6 14. Nd5 Be6 15. h4 b5 16. Nxf6 Qxf6 17. h5 Kg8 18. Qh6 Rb7 19. Rxd6 Rc8 20. hxg6 fxg6 21. Nc3 Qe7 22. Qd2 bxc4 23. Nd5 Qf7 24. Qg5 Bxd5 25. exd5 Nb4 26. Qxe5 c3 27. bxc3 Nxa2+ 28. Kd2 Rb2+ 29. Ke1 Nxc3 30. Bd3 Rxg2 31. Rh4 Nb5 32. Rc6 Re8 33. Re6 Rf8 34. Be4 Qa7 35. Rxg6+ Rxg6 36. Bxg6 Qg1+ 37. Kd2 Qxg6 38. Rg4 Kf7 39. Rxg6 Kxg6 40. Qe6+ Rf6 41. Qe4+ Kg7 42. Qe7+ Kg6 43. Qe4+ Kg7 44. Qg4+ Kf7 45. Qh5+ Kg7 46. Qe5 h6 47. f4 Nd6 48. Kc3 Nf7 49. Qc7 Kg6 50. Kd4 Kg7 51. Ke4 Kg6 52. Qa7 Kg7 53. Qg1+ Kf8 54. Qg4 Rd6 55. Qg3 Rf6 56. Qg1 h5 57. Qh1 Rh6 58. Qh4 Kg7 59. Kd4 Kf8 60. Ke3 Kg7 61. Kf3 Kf8 62. Kg2 Rg6+ 63. Kf3 Rh6 64. Qf2 h4 65. Kg2 h3+ 66. Kh2 Kg7 67. Qd4+ Kf8 68. Qc5+ Kg7 69. Qe7 Rf6 70. Qe3 Rh6 71. Qc3+ Kf8 72. f5 Ke7 73. Qc5+ Ke8 74. Qa3 Rf6 75. Qc3 Ke7 76. Qc7+ Kf8 77. Kxh3 Nd6 78. Kg4 Nxf5 79. Qd8+ Kg7 80. Kg5 Rf7 81. d6 Nh6 82. Kh4 Rf4+ 83. Kg3 Nf7 84. Qc7 Rf1 85. Qc3+ Kg8 86. Kg2 Rb1 87. Qc8+ Kg7 88. Qg4+ Kf8 89. Qc8+ Kg7 90. Qc5 Kg8 91. Qd4 Rb8 92. d7 a5 93. Kg3 Kf8 94. Qc5+ Kg7 95. Kf4 Kf6 96. Qc7 Rd8 97. Qxa5 1/2-1/2

[Event "FRG-HUN"]
[Site "Oberhausen"]
[Date "1980.??.??"]
[Round "1.6"]
[White "Fahnenschmidt, Gerhard"]
[Black "Portisch, Ferenc"]
[Result "0-1"]
[WhiteElo "2365"]
[BlackElo "2470"]
[PlyCount "64"]
[EventDate "1980.05.??"]
[Source "www.chesslib.no"]
[SourceDate "2004.05.04"]

1. c4 g6 2. e4 Bg7 3. d4 d6 4. Nc3 Nf6 5. f3 O-O 6. Be3 Nc6 7. Qd2 Re8 8. Nge2 Rb8 9. Rb1 a6 10. b4 Bd7 11. g3 b5 12. cxb5 axb5 13. Bg2 e5 14. d5 Ne7 15. O-O Nc8 16. Nc1 Nb6 17. Bxb6 Rxb6 18. Nb3 c6 19. dxc6 Rxc6 20. Na5 Qb6+ 21. Kh1 Rc7 22. Rfc1 Rec8 23. Nd5 Rxc1+ 24. Rxc1 Rxc1+ 25. Qxc1 Qf2 26. a3 Nxd5 27. exd5 Qa2 28. Nc6 Bf6 29. f4 e4 30. Bxe4 Bh3 31. Kg1 Qe2 32. Qb1 Bc3 0-1

[Event "Tel Aviv int"]
[Site "Tel Aviv"]
[Date "2000.03.26"]
[Round "6"]
[White "Postny, Evgeny"]
[Black "Botvinnik, Ilia"]
[Result "1-0"]
[WhiteElo "2424"]
[BlackElo "2405"]
[PlyCount "105"]
[EventDate "2000.03.??"]
[Source "ChessBase"]
[SourceDate "2000.07.27"]

1. d4 Nf6 2. c4 g6 3. f3 Bg7 4. e4 d6 5. Nc3 O-O 6. Be3 Nc6 7. Qd2 Bd7 8. Nge2 Re8 9. O-O-O a6 10. g4 b5 11. h4 h5 12. g5 Nh7 13. Rg1 Na5 14. Ng3 Nf8 15. f4 Nxc4 16. Bxc4 bxc4 17. f5 c5 18. dxc5 Qa5 19. Bd4 Bxd4 20. Qxd4 Qxc5 21. Qxc5 dxc5 22. Nd5 Ra7 23. f6 e5 24. Nb6 Bg4 25. Rd5 Rc7 26. Nxc4 Be6 27. Nd6 Rb8 28. Rd3 Bxa2 29. Ra3 Rc6 30. Ndf5 gxf5 31. Nxf5 Ng6 32. Rxa2 Rcb6 33. Rd1 R8b7 34. Rd8+ Kh7 35. Ra8 Rb4 36. Nd6 Rd7 37. R2xa6 Nxh4 38. R8a7 Rxa7 39. Rxa7 Kg6 40. Nxf7 Rc4+ 41. Kb1 Rxe4 42. Nh8+ Kxg5 43. f7 Rf4 44. Ra8 Kh6 45. f8=Q+ Rxf8 46. Rxf8 Kg7 47. Rc8 Nf3 48. Rxc5 h4 49. Rc1 e4 50. b4 h3 51. b5 h2 52. b6 Nd2+ 53. Ka2 1-0

[Event "Katerini GP"]
[Site "Katerini"]
[Date "1993.??.??"]
[Round "4"]
[White "Atalik, Suat"]
[Black "Vouldis, Angelos"]
[Result "1-0"]
[WhiteElo "2535"]
[BlackElo "2285"]
[PlyCount "57"]
[EventDate "1993.08.??"]
[Source "www.chesslib.no"]
[SourceDate "2004.05.04"]

1. d4 Nf6 2. c4 g6 3. Nc3 Bg7 4. e4 O-O 5. Be3 d6 6. f3 Nc6 7. Nge2 Rb8 8. Qd2 Re8 9. b3 a6 10. Rc1 Bd7 11. g3 b5 12. cxb5 axb5 13. Bg2 b4 14. Nd1 e5 15. O-O d5 16. dxe5 Rxe5 17. Nd4 Qe8 18. Nxc6 Bxc6 19. Bd4 Ba8 20. Bxe5 Qxe5 21. Nf2 dxe4 22. fxe4 Nxe4 23. Bxe4 Bxe4 24. Rfe1 f5 25. Rc4 Rf8 26. Nxe4 fxe4 27. Rexe4 Qf6 28. Rf4 Qb6+ 29. Qf2 1-0

[Event "Moscow2"]
[Site "Moscow"]
[Date "1994.??.??"]
[Round "4"]
[White "Pestov, Sergei M"]
[Black "Nesterov, Jakov"]
[Result "1/2-1/2"]
[WhiteElo "2360"]
[BlackElo "2460"]
[PlyCount "100"]
[EventDate "1994.??.??"]
[Source "ChessBase"]

1. c4 g6 2. Nc3 Bg7 3. d4 d6 4. e4 Nf6 5. f3 O-O 6. Be3 Nc6 7. Nge2 Rb8 8. Qd2 Re8 9. a3 a6 10. b4 Nd7 11. h4 Nb6 12. Qa2 e5 13. d5 Nd4 14. Rd1 c5 15. dxc6 bxc6 16. Nxd4 exd4 17. Bxd4 Bxd4 18. Rxd4 c5 19. bxc5 Qf6 20. Qd2 dxc5 21. Rd6 Be6 22. Be2 Qe7 23. h5 Nxc4 24. Bxc4 Bxc4 25. hxg6 hxg6 26. Kf2 Rb3 27. a4 a5 28. g4 Qe5 29. Rd8 Rb8 30. Rxe8+ Rxe8 31. Nd5 Rb8 32. Ne7+ Kg7 33. Nc6 Rb2 34. Nxe5 Rxd2+ 35. Ke3 Re2+ 36. Kf4 g5+ 37. Kg3 Rc2 38. Rb1 Be6 39. Rb5 Kf6 40. Nc6 Bd7 41. Rxa5 Bxc6 42. Ra6 Ke5 43. Rxc6 c4 44. a5 c3 45. Rc4 Ra2 46. Rxc3 Rxa5 47. Rc7 f6 48. Rc6 Ra2 49. Rc5+ Ke6 50. Rf5 Re2 1/2-1/2

[Event "Virovitica"]
[Site "?"]
[Date "1977.??.??"]
[Round "5"]
[White "Piasetski Leon David"]
[Black "Portisch Ferenc"]
[Result "0-1"]
[WhiteElo "2395"]
[BlackElo "2425"]
[PlyCount "70"]
[EventDate "1977.??.??"]
[Source "www.chesslib.no"]
[SourceDate "2004.05.04"]

1. c4 g6 2. d4 Nf6 3. Nc3 Bg7 4. e4 d6 5. f3 O-O 6. Be3 Nc6 7. Nge2 Rb8 8. d5 Ne5 9. Ng3 c5 10. Be2 a6 11. a4 e6 12. O-O exd5 13. cxd5 Bd7 14. f4 Neg4 15. Bc1 c4 16. Qe1 b5 17. Kh1 Re8 18. h3 Nh6 19. e5 b4 20. exf6 bxc3 21. Qxc3 Bxf6 22. Qxc4 Bxb2 23. Rb1 Bxc1 24. Rxb8 Qxb8 25. Qxc1 Qb3 26. Bf3 Qxa4 27. Kh2 Nf5 28. Nxf5 Bxf5 29. g4 Be4 30. Kg3 Bxf3 31. Rxf3 Qd4 32. f5 Qe5+ 33. Kh4 f6 34. fxg6 hxg6 35. Qh6 Re7 0-1

[Event "Zonal 3.1"]
[Site "?"]
[Date "2004.12.16"]
[Round "3"]
[White "Ermenkov Evgenij"]
[Black "Khader Sami"]
[Result "1-0"]
[WhiteElo "2454"]
[BlackElo "2362"]
[PlyCount "131"]
[EventDate "2004.??.??"]
[Source "www.chesslib.no"]
[SourceDate "2004.05.04"]

1. c4 Nf6 2. d4 g6 3. Nc3 Bg7 4. e4 d6 5. f3 O-O 6. Be3 Nc6 7. Qd2 a6 8. Nge2 Na5 9. Nc1 Nd7 10. Be2 c5 11. Nb3 Nxb3 12. axb3 cxd4 13. Bxd4 Nc5 14. Ra3 Be6 15. O-O Qb6 16. Rd1 Bxd4+ 17. Qxd4 Nd7 18. Qxb6 Nxb6 19. Nd5 Bxd5 20. exd5 Rfc8 21. f4 Kg7 22. Kf2 Kf6 23. g3 Rc7 24. h4 h5 25. Bf1 Rac8 26. Rd4 Kg7 27. Ra1 f5 28. Rd2 Kf7 29. Bd3 Nd7 30. Re2 Nf6 31. Ke3 Rc5 32. Kd2 R5c7 33. Re3 Ng4 34. Re2 Nf6 35. Ra3 Rc5 36. Ra4 R5c7 37. Ra1 Rc5 38. Rae1 Ng8 39. Rc1 Nf6 40. b4 R5c7 41. Rce1 Kf8 42. b3 Rd8 43. Ra1 Rdc8 44. Ke3 b5 45. Kd4 bxc4 46. bxc4 Rb8 47. Rb2 Rb6 48. Ra5 Rcb7 49. Kc3 Rc7 50. Rba2 Rcb7 51. R2a4 Kf7 52. Rxa6 Rxa6 53. Rxa6 Ne4+ 54. Bxe4 fxe4 55. b5 Kf6 56. Kd4 Kf5 57. Ra3 Rb8 58. Rb3 Rb7 59. b6 Kf6 60. Kxe4 Kf7 61. Kd4 Ke8 62. c5 dxc5+ 63. Kxc5 Kd7 64. Ra3 Rb8 65. Ra7+ Kd8 66. Kb5 1-0

[Event "ECC"]
[Site "?"]
[Date "2003.09.28"]
[Round "1"]
[White "Perhinig Robert"]
[Black "Fedorov Alexei"]
[Result "0-1"]
[WhiteElo "2215"]
[BlackElo "2595"]
[PlyCount "66"]
[EventDate "2003.??.??"]
[Source "www.chesslib.no"]
[SourceDate "2004.05.04"]

1. d4 Nf6 2. c4 g6 3. Nc3 Bg7 4. e4 d6 5. f3 O-O 6. Be3 Nc6 7. Qd2 a6 8. g4 e5 9. Nge2 exd4 10. Nxd4 Ne5 11. Be2 c5 12. Nc2 Be6 13. b3 b5 14. cxb5 axb5 15. O-O b4 16. Nb5 Ne8 17. a3 Bxb3 18. axb4 Rxa1 19. Nxa1 Nc4 20. Qd3 Nxe3 21. Qxe3 Ba4 22. Qa3 Bxb5 23. Bxb5 cxb4 24. Qe3 Qa5 25. Bxe8 Rxe8 26. Nb3 Qb5 27. Rd1 d5 28. Nd2 dxe4 29. Nxe4 b3 30. Qa7 b2 31. Qxf7+ Kxf7 32. Nd6+ Ke7 33. Nxb5 Ra8 0-1

[Event "Zuerich Open"]
[Site "Zurich SUI"]
[Date "1992.??.??"]
[Round "?"]
[White "Klauser, Markus"]
[Black "Murey, Jacob I"]
[Result "1/2-1/2"]
[WhiteElo "2310"]
[BlackElo "2500"]
[PlyCount "87"]
[EventDate "1992.??.??"]
[Source "www.chesslib.no"]
[SourceDate "2004.05.04"]

1. d4 Nf6 2. c4 g6 3. Nc3 Bg7 4. e4 d6 5. f3 O-O 6. Be3 Nc6 7. Qd2 Nd7 8. O-O-O Nb6 9. g4 e5 10. d5 Nd4 11. Nb5 f5 12. gxf5 gxf5 13. Nxd4 exd4 14. Bxd4 fxe4 15. Bxg7 Kxg7 16. fxe4 Qf6 17. Be2 Qf4 18. Nf3 Kh8 19. Qxf4 Rxf4 20. Nd4 Rxe4 21. b3 Bd7 22. Bf3 Rf4 23. Rhe1 Raf8 24. Re3 Rh4 25. Ne6 Re8 26. Rde1 Rxh2 27. Nxc7 Rxe3 28. Rxe3 Rxa2 29. Re7 Kg8 30. Ne6 Ra1+ 31. Kd2 Rg1 32. Be4 h5 33. Bh7+ Kh8 34. Bd3 Rg2+ 35. Kc3 Rg3 36. Kd4 Rg4+ 37. Be4 Kg8 38. Ke3 h4 39. Bh7+ Kh8 40. Bf5 Rg1 41. Kf2 Bxe6 42. dxe6 Rg7 43. Re8+ Rg8 44. Re7 1/2-1/2

[Event "Oslo CI"]
[Site "Oslo"]
[Date "1974.??.??"]
[Round "6"]
[White "Wibe, Terje"]
[Black "Westerinen, Heikki MJ"]
[Result "0-1"]
[WhiteElo "2370"]
[BlackElo "2435"]
[PlyCount "64"]
[EventDate "1974.??.??"]
[Source "ChessBase"]

1. d4 Nf6 2. c4 g6 3. Nc3 Bg7 4. e4 d6 5. f3 O-O 6. Be3 Nc6 7. Qd2 Re8 8. O-O-O a6 9. h4 h5 10. Nh3 Bd7 11. Ng5 e5 12. d5 Nd4 13. Bd3 c5 14. Rdf1 b5 15. f4 bxc4 16. fxe5 Rxe5 17. Bxc4 Re7 18. e5 Rxe5 19. Bf4 Re8 20. Bxd6 Bb5 21. Bxc5 Nf5 22. Rxf5 gxf5 23. Bb3 Rc8 24. Nxf7 Kxf7 25. d6+ Kg6 26. Qg5+ Kh7 27. Qxf5+ Kh8 28. Bd4 Qxd6 29. Rd1 Bd7 30. Qg6 Qf4+ 31. Rd2 Re1+ 32. Bd1 Rxd1+ 0-1

[Event "Reti mem"]
[Site "Trnava"]
[Date "1982.??.??"]
[Round "8"]
[White "Hausner, Ivan"]
[Black "Kljako, Damir"]
[Result "1-0"]
[WhiteElo "2435"]
[BlackElo "2365"]
[PlyCount "65"]
[EventDate "1982.03.??"]
[Source "ChessBase"]

1. d4 Nf6 2. c4 g6 3. Nc3 Bg7 4. e4 d6 5. f3 O-O 6. Be3 Nc6 7. Nge2 Re8 8. Qd2 a6 9. Rb1 a5 10. b3 Nd7 11. g4 e5 12. d5 Nd4 13. Bg2 f5 14. gxf5 gxf5 15. Nxd4 exd4 16. Bxd4 fxe4 17. Nxe4 Bxd4 18. Qxd4 Ne5 19. O-O Bf5 20. Rbe1 h6 21. f4 Nd7 22. Rf3 Qh4 23. Rg3+ Bg4 24. Ree3 Rxe4 25. Qxe4 Kh8 26. Rxg4 Qxg4 27. Qd4+ Ne5 28. h3 Qh4 29. Re4 Rg8 30. fxe5 Qg5 31. exd6+ Rg7 32. Re8+ Kh7 33. Qe4+ 1-0

[Event "Nordic Team Ch"]
[Site "Slupsk"]
[Date "1987.??.??"]
[Round "3"]
[White "Akesson, Ralf"]
[Black "Wibe, Terje Paul"]
[Result "1-0"]
[WhiteElo "2430"]
[BlackElo "2365"]
[PlyCount "59"]
[EventDate "1987.10.??"]
[Source "www.chesslib.no"]
[SourceDate "2004.05.04"]

1. d4 Nf6 2. c4 g6 3. Nc3 Bg7 4. e4 O-O 5. Be3 d6 6. f3 Nc6 7. Nge2 Rb8 8. Qd2 Re8 9. Nc1 e5 10. Nb3 exd4 11. Nxd4 d5 12. cxd5 Nxd5 13. Nxd5 Nxd4 14. O-O-O c5 15. Bg5 Qd6 16. Qf4 Re5 17. Nf6+ Kh8 18. Ne8 Qe6 19. Nxg7 Kxg7 20. Kb1 b5 21. Qe3 Rb6 22. Bh6+ Kg8 23. Bf4 Ra6 24. a3 Ra4 25. Bxb5 Nxb5 26. Rd8+ Kg7 27. Bxe5+ Qxe5 28. Rxc8 Ra6 29. Rxc5 Qe8 30. Rhc1 1-0

[Event "Hamburg HSK"]
[Site "Hamburg"]
[Date "1980.??.??"]
[Round "5"]
[White "Kiffmeyer, Constanz"]
[Black "Ghinda, Mihail Viorel"]
[Result "0-1"]
[WhiteElo "2310"]
[BlackElo "2475"]
[PlyCount "110"]
[EventDate "1980.??.??"]
[Source "ChessBase"]

1. d4 Nf6 2. c4 g6 3. Nc3 Bg7 4. e4 d6 5. f3 a6 6. Be3 Nc6 7. Qd2 Rb8 8. O-O-O O-O 9. Nge2 b5 10. g4 Re8 11. h4 bxc4 12. h5 e5 13. d5 Nb4 14. Ng3 Nd3+ 15. Bxd3 cxd3 16. Qxd3 Nd7 17. Rh2 Nf8 18. Kb1 Qd7 19. Rg1 Bf6 20. Nf5 Qd8 21. Nh6+ Kg7 22. Qd2 g5 23. Nf5+ Kh8 24. Ng3 h6 25. Rc1 Bd7 26. Qd3 Qc8 27. Rhc2 Rb4 28. Nd1 Bd8 29. Qa3 Qb7 30. Rc4 Rxc4 31. Rxc4 Bf6 32. Rb4 Qa8 33. Nc3 a5 34. Rc4 Qa6 35. Qb3 Ra8 36. Kc2 a4 37. Qb4 Bd8 38. Nf1 Qc8 39. Nd2 a3 40. b3 Qa6 41. Ncb1 Bb5 42. Rc3 Be2 43. Qa4 Qc8 44. Qe8 Kg7 45. Bf2 c5 46. Nc4 Bxc4 47. Rxc4 Nd7 48. Nd2 Qb7 49. Ra4 Rxa4 50. Qxd8 c4 51. bxc4 Ra8 52. Qe7 Qb2+ 53. Kd1 Qxa2 54. Qxd7 Qxd2+ 55. Kxd2 a2 0-1

[Event "Munich Open 9293"]
[Site "Munich GER"]
[Date "1993.??.??"]
[Round "7"]
[White "Vogel, Robert"]
[Black "Volke, Karsten"]
[Result "0-1"]
[WhiteElo "2315"]
[BlackElo "2460"]
[PlyCount "116"]
[EventDate "1993.??.??"]
[Source "www.chesslib.no"]
[SourceDate "2004.05.04"]

1. d4 Nf6 2. c4 g6 3. Nc3 Bg7 4. e4 d6 5. f3 O-O 6. Be3 a6 7. Qd2 Nc6 8. Nge2 Nd7 9. g4 e5 10. d5 Nd4 11. Nxd4 exd4 12. Bxd4 Ne5 13. Be2 Qh4+ 14. Kd1 c5 15. Be3 b5 16. Kc2 Qe7 17. h4 bxc4 18. h5 Rb8 19. Rh2 Qb7 20. Rb1 Nd3 21. Bxd3 cxd3+ 22. Kxd3 Qb4 23. Bh6 Bxh6 24. Qxh6 Rb7 25. Rbh1 Qd4+ 26. Kc2 Qf6 27. Qe3 Re8 28. g5 Qe5 29. Kc1 Qg3 30. Re2 Rb4 31. f4 Qg4 32. Reh2 Re7 33. Rg1 Qd7 34. Qf3 Qe8 35. e5 Bf5 36. hxg6 fxg6 37. Re2 Rc4 38. Rge1 Qa4 39. exd6 Rf7 40. Re8+ Kg7 41. Qe2 Rxc3+ 42. bxc3 Qxf4+ 43. Qe3 Qxd6 44. Qe5+ Qxe5 45. R8xe5 h6 46. gxh6+ Kxh6 47. d6 Rd7 48. Rd1 c4 49. Rd4 Kg5 50. Re7 Rd8 51. Ra7 Kf6 52. Rxa6 Rd7 53. Rxc4 Bd3 54. Rc7 Rxc7 55. Rb6 Rd7 56. Kd2 Bc4 57. Rc6 Bd5 58. Rb6 Bxa2 0-1

[Event "Budapest 6th"]
[Site "Budapest HUN"]
[Date "1973.05.09"]
[Round "6"]
[White "Varnusz, Egon"]
[Black "Portisch, Ferenc"]
[Result "1-0"]
[WhiteElo "2395"]
[BlackElo "2380"]
[PlyCount "73"]
[EventDate "1973.05.02"]
[Source "www.chesslib.no"]
[SourceDate "2004.05.04"]

1. c4 g6 2. Nc3 Bg7 3. d4 Nf6 4. e4 d6 5. f3 O-O 6. Be3 Nc6 7. Qd2 Re8 8. Nge2 Rb8 9. O-O-O a6 10. g4 b5 11. h4 h5 12. Ng3 e5 13. d5 Nd4 14. gxh5 Nxh5 15. Nxh5 gxh5 16. Qg2 Qf6 17. Be2 Kf8 18. Bg5 Bh6 19. Rd2 Qg6 20. f4 Bxg5 21. fxg5 f5 22. exf5 Bxf5 23. Rf1 Kg7 24. cxb5 axb5 25. Rxf5 Qxf5 26. Ne4 Rf8 27. Nf6 Nxe2+ 28. Qxe2 Rxf6 29. gxf6+ Kxf6 30. Rd1 Qf4+ 31. Kb1 Qxh4 32. Rf1+ Ke7 33. Qc2 Rh8 34. Qxc7+ Ke8 35. Qc8+ Qd8 36. Qe6+ Qe7 37. Qg6+ 1-0

[Event "Capablanca mem-C"]
[Site "Cienfuegos"]
[Date "1996.??.??"]
[Round "6"]
[White "Matamoros Franco, Carlos S"]
[Black "Espinosa, Julio"]
[Result "1-0"]
[WhiteElo "2430"]
[BlackElo "2335"]
[PlyCount "53"]
[EventDate "1996.05.??"]
[Source "ChessBase"]

1. d4 g6 2. c4 Bg7 3. Nc3 d6 4. e4 Nc6 5. Be3 Nf6 6. f3 O-O 7. Nge2 Re8 8. Qd2 a6 9. O-O-O b5 10. g4 bxc4 11. h4 h5 12. Ng3 hxg4 13. h5 e5 14. dxe5 Nxh5 15. Nxh5 gxh5 16. Bg5 Qd7 17. f4 Nxe5 18. fxe5 Rxe5 19. Bxc4 Rc5 20. Bb3 Qb5 21. Be3 Be6 22. Bxc5 Qxc5 23. Rdf1 Rb8 24. Qf2 Bd4 25. Qc2 g3 26. Bxe6 fxe6 27. e5 1-0